000 00315nam a2200121Ia 4500
008 191201s2014 xx 000 0 und d
100 _aGARG, Santosh Kumar
245 0 _aSoil Mechanics and Foundation Engineering
260 _aN. Delhi
_bKhanna Pub
_c2014
300 _a1401
650 _aB.Tech(CE)
942 _2ddc
_cBK
999 _c6166
_d6166